Statistics for Funny Names-U.S. Towns and Communities

Click here to take the quiz!

General Stats

  • This quiz has been taken 15 times
  • The average score is 4 of 20

Answer Stats

Town/CommunityState% Correct
Walla WallaWashington
73%
Truth or ConsequencesNew Mexico
60%
OkayOklahoma
40%
Cut and ShootTexas
33%
KnockemstiffOhio
27%
Ding DongTexas
20%
Last ChanceColorado
13%
Hoop and HollerTexas
13%
Greasy CornerArkansas
7%
SmackoverArkansas
7%
No NameColorado
7%
SandwhichIllinois
7%
Monkey's EyebrowKentucky
7%
HazardNebraska
7%
WormsNebraska
7%
BeeNebraska
7%
ZapNorth Dakota
7%
Wide AwakeSouth Carolina
7%
CowardSouth Carolina
7%
PepTexas
7%

Score Distribution

Percentile by Number Answered

Percent of People with Each Score

Your Score History

You have not taken this quiz